Представление документа в формате MARC21

Поле Инд. ПП Название Значение
Тип записи a
Библиографический уровень m
001 Контрольный номер 77aa547be82a40f49898730009d7ffc7
005 Дата корректировки 20220411091612.9
040 b Код языка каталог. rus
e Правила каталог. PSBO
041 0_ a Код языка текста rus
080 a Индекс УДК 519.21
080 a Индекс УДК 004.9
090 x Авторский знак М92
097 b Оператор 02
100 1_ a Автор Муха М. С.
245 10 a Заглавие Случайные процессы в системах обработки информации
b Продолж. заглавия электронный образовательный ресурс
h Физич. носитель Электронный ресурс
260 a Место издания Минск
b Издательство БГУИР
c Дата издания 2021
440 _0 a Серия Кафедра информационных технологий автоматизированных систем
510 0_ a Примечание о ссылках Документы на электронных носителях
653 0_ a Ключевые слова случайные процессы; обработка информации; ЭОР; электронный образовательный ресурс
856 40 u URL https://lms.bsuir.by/course/view.php?id=3367
901 t Тип документа m